| 000 | 00768nam a22001577a 4500 | ||
|---|---|---|---|
| 999 |
_c63231 _d63231 |
||
| 003 | Ge_BSU | ||
| 005 | 20250702114311.0 | ||
| 008 | 250702s1975 ge ||||| |||| 00| 0 geo d | ||
| 041 | _ageo | ||
| 080 | _a331.45(075.8) შ-87 | ||
| 245 |
_aშრომის დაცვა : _b [დამხმ. სახელმძღვ. პოლიტექნ. ინ-ტის სტუდენტებისათვის]. |
||
| 264 |
_aთბილისი : _bგანათლება, _c1975. |
||
| 300 |
_a298 გვ. : _bილ. ; _c22 სმ. |
||
| 653 | _aშრომის დაცვა -- სახელმძღვანელოები უმაღლესი სასწავლებლებისათვის. | ||
| 942 |
_2udc _cᲬᲘᲒᲜᲘ |
||